000 00617nam a2200229Ia 4500
003 OSt
005 20220924152304.0
006 a|||||r|||| 00| 0
007 ta
008 220923b |||||||| |||| 00| 0 mar d
024 _a341817
037 _cTextual
040 _aARTS
_cARTS
_bmar
041 _2mar
_amar
082 _aO155,3NTAR,1, H4
100 _aTarkhadkar Sadanand Manohar
_9226322
245 0 _aKamlini kaashmirkar
260 _c1944
650 _aMARATHI LITERATURE
_938000
942 _hO155,3NTAR,1, H4
_cTEXL
_2CC
999 _c469359
_d469359